| 000 | 00561nam a2200217 i 4500 | ||
|---|---|---|---|
| 001 | 63581 | ||
| 003 | ES-MaACL | ||
| 007 | t| | ||
| 008 | 031212s1985 sp ||||1| spa d | ||
| 020 | _a84-321-2263-7 | ||
| 100 | 1 |
_aFerris, José Luis V. _950587 |
|
| 245 | 1 | 0 |
_aCetro de cal / _cJosé Luis V. Ferris. |
| 250 | _a[1ª ed.]. | ||
| 260 |
_aMadrid : _bRialp, _c1985. |
||
| 300 |
_a70 p. ; _c18 cm. |
||
| 490 | 1 |
_aAdonais ; _v421 |
|
| 500 | _aIndice. | ||
| 830 | 0 | 0 |
_aAdonáis _v421 _9173743 |
| 852 |
_aES-MaACL _jJ-23-421 _bR.20352 |
||
| 999 |
_c63581 _d63581 |
||